Wordperfect 6 for windows : the pocket reference

Bibliographic Details
Main Author: SHEPARD, Patricia
Format: Book
Published: New York : McGraw-Hill , 1994
Series:Covers release 6
Subjects:

MARC

LEADER 00000cam a2200000 7i4500
001 0000002931
002 000003172
005 20000330.0
020 |a 0078820030 
090 0 0 |a 652.5   |b SHE 
100 1 |a SHEPARD, Patricia 
245 1 0 |a Wordperfect 6 for windows :   |b the pocket reference   |c Patricia Shepard and Carole Boggs Matthews 
260 |a New York :   |b McGraw-Hill ,   |c 1994 
300 |a 211p. ;   |c 20cm. 
490 0 |a Covers release 6 
650 0 0 |a Wordperfects 6 [for windows] 
999 |a 036543   |b BUKU   |c PINJAMAN   |e PERPUSTAKAAN KOMUNITI PETALING JAYA 
999 |a 036544   |b BUKU   |c PINJAMAN   |e PERPUSTAKAAN KOMUNITI PETALING JAYA